Name All Countries of the World - Statistics

General Stats
  • This quiz has been taken 26 times
  • The average score is 78 of 196
Answers on the Map
Answers color-coded by a green-red scale on the quiz's map according to % correct below.
 
Answer Stats
Countries % Correct
Canada
67%
United States
67%
Australia
60%
Afghanistan
53%
Algeria
53%
Armenia
53%
Austria
53%
Belarus
53%
Belgium
53%
Bolivia
53%
Bosnia andHerzegovina
53%
Brazil
53%
Central Africa
53%
Chile
53%
Columbia
53%
Costa Rica
53%
Cyprus
53%
Denmark
53%
Domini
53%
Dominican Republic
53%
France
53%
Italy
53%
Mexico
53%
Norway
53%
Albania
47%
Andorra
47%
Angola
47%
Antigua and Barbuda
47%
Argentina
47%
Bahamas
47%
Bahrain
47%
Bangladesh
47%
Barbados
47%
Belize
47%
Benin
47%
Bhutan
47%
Botswana
47%
Brunei
47%
Burkina Faso
47%
Cambodia
47%
Cameroon
47%
Chad
47%
Croatia
47%
Cuba
47%
Czechia
47%
Djibouti
47%
Ecuador
47%
El Salvador
47%
Finland
47%
Germany
47%
Guatemala
47%
Guyana
47%
Haiti
47%
Honduras
47%
Iceland
47%
Ireland
47%
Israel
47%
Jordan
47%
Kosovo
47%
Libya
47%
Luxembourg
47%
Malta
47%
Moldova
47%
Netherlands
47%
Nicaragua
47%
North Macedonia
47%
Republic of Congo
47%
Russia
47%
Spain
47%
Azerbaijan
40%
Burundi
40%
China
40%
Comoros
40%
Egypt
40%
Eritrea
40%
Estonia
40%
Eswatini
40%
Ethiopia
40%
Gabon
40%
Georgia
40%
Ghana
40%
Greece
40%
Guinea
40%
Hungary
40%
India
40%
Indonesia
40%
Iran
40%
Iraq
40%
Jamaica
40%
Japan
40%
Kazakhstan
40%
Kenya
40%
Kuwait
40%
Laos
40%
Latvia
40%
Lesotho
40%
Liberia
40%
Lithuania
40%
Madagascar
40%
Malawi
40%
Mali
40%
Monaco
40%
Mongolia
40%
Montenegro
40%
Mozambique
40%
Myanmar
40%
Nauru
40%
Nepal
40%
New Zealand
40%
Niger
40%
Nigeria
40%
North Korea
40%
Oman
40%
Pakistan
40%
Panama
40%
Papua
40%
Peru
40%
Poland
40%
Portugal
40%
Romania
40%
San Marino
40%
Sweden
40%
Tunisia
40%
United Kingdom
40%
Uruguay
40%
Vatican City
40%
Bulgaria
33%
Cape Verde
33%
East Timor
33%
Equatorial Guinea
33%
Fiji
33%
Gambia
33%
Grenada
33%
Guinea-Bissau
33%
Kiribati
33%
Kyrgyzstan
33%
Lebanon
33%
Liechtenstein
33%
Malaysia
33%
Marshall Islands
33%
Mauritania
33%
Mauritius
33%
Morocco
33%
Namibia
33%
New Guinea
33%
Qatar
33%
Rwanda
33%
Saint Kitts and Nevis
33%
Saint Lucia
33%
Saint Vincent
33%
Saudi Arabia
33%
Serbia
33%
Slovakia
33%
Slovenia
33%
Sri Lanka
33%
Suriname
33%
Switzerland
33%
Syria
33%
Turkey
33%
Ukraine
33%
United Arab Emirates
33%
Uzbekistan
33%
Venezuela
33%
Vietnam
33%
Yemen
33%
Zambia
33%
Zimbabwe
33%
Ivory Coast
27%
Maldives
27%
Palau
27%
Philippines
27%
Samoa
27%
Sao Tome and Principe
27%
Senegal
27%
Sierra Leone
27%
Singapore
27%
Solomon Islands
27%
Somalia
27%
South Korea
27%
South Sudan
27%
Sudan
27%
Taiwan
27%
Tajikistan
27%
Tanzania
27%
Thailand
27%
Togo
27%
Tonga
27%
Trinidad and Tobago
27%
Turkmenistan
27%
Tuvalu
27%
Vanuatu
27%
Paraguay
20%
Seychelles
20%
South Africa
20%
Ugande
7%
Federate States ofMicronesia
0%
No matching quizzes found
Score Distribution
Percent of People with Each Score
Percentile by Number Answered
Your Score History
You have not taken this quiz